LEADER 02441nam 2200577Ia 450 001 9910455234503321 005 20200520144314.0 010 $a1-84755-829-1 035 $a(CKB)1000000000791412 035 $a(EBL)1185179 035 $a(OCoLC)319518569 035 $a(SSID)ssj0000379157 035 $a(PQKBManifestationID)11259996 035 $a(PQKBTitleCode)TC0000379157 035 $a(PQKBWorkID)10357608 035 $a(PQKB)10695824 035 $a(MiAaPQ)EBC1185179 035 $a(PPN)170293882 035 $a(Au-PeEL)EBL1185179 035 $a(CaPaEBR)ebr10618795 035 $a(EXLCZ)991000000000791412 100 $a20080112d2008 uy 0 101 0 $aeng 135 $aur|n|---||||| 181 $ctxt 182 $cc 183 $acr 200 10$aArchaeological chemistry$b[electronic resource] /$fA. Mark Pollard, Carl Heron 205 $a2nd ed. 210 $aCambridge, UK $cRoyal Society of Chemistry$dc2008 215 $a1 online resource (457 p.) 300 $aPrevious ed.: 1996. 311 $a0-85404-262-8 320 $aIncludes bibliographical references and index. 327 $a9780854042623; i_iv; v_vi; vii_viii; ix_x; xi_xii; xiii_xviii; 001_018; 019_074; 075_097; 098_143; 144_192; 193_234; 235_269; 270_301; 302_345; 346_382; 383_405; 406_412; 413_419; 420_423; 424; 425_427; 428; 429_438 330 $aThe second edition of this popular title Archaeological Chemistry builds on the successful formula of the first edition. The existing case studies have been expanded to take account of new perspectives and new data in the intervening decade since the 1st edition was published. In addition, two new chapters emphasise the significant increase in molecular and isotopic analysis of organic remains. The two new chapters (stable isotopes and molecules and milk) bring together recent literature about ancient human diets. Archaeological Chemistry 2nd edition aims to demonstrate the importance and util 606 $aArchaeological chemistry 606 $aChemistry, Analytic 608 $aElectronic books. 615 0$aArchaeological chemistry. 615 0$aChemistry, Analytic. 676 $a930.1028 700 $aPollard$b A. M$0530236 701 $aHeron$b Carl$0735945 801 0$bMiAaPQ 801 1$bMiAaPQ 801 2$bMiAaPQ 906 $aBOOK 912 $a9910455234503321 996 $aArchaeological chemistry$91454003 997 $aUNINA